000 00919 a2200253 4500
005 20251208160252.0
008 251208b |||||||| |||| 00| 0 eng d
020 _a9781032376639 (pbk)
037 _cTB
040 _aCRL
_cCRL
041 _2eng
_aeng
084 _aX:328 R5
_qCRL
245 _aTechonology entrepreneurship in theory and practice:
_bperspectives in science and engineering
260 _aLondon, UK;
_aNew York, USA:
_bRoutledge,
_c2025.
300 _aix, 192p.
365 _b39.99
_cUKP
650 _aEconomics
_9855296
650 _aEntreprenurship
_9855297
650 _aTechnology
_9855298
700 _aMunoz, J. Mark
_eeditor.
_9855299
700 _aTerzidis, Orestis
_eeditor.
_9855300
942 _cTB
_2CC
_n0
_hX:328 R5
999 _c1435464
_d1435464